| 000 | 02731nam a22002657a 4500 | ||
|---|---|---|---|
| 999 |
_c423259 _d423259 |
||
| 001 | 134397 | ||
| 003 | UA-OsUOA | ||
| 005 | 20230504161359.0 | ||
| 007 | ta | ||
| 008 | 20181203b un ||||| |||| 00| 0 ukr d | ||
| 020 | _a978-966-941-111-2 | ||
| 040 |
_aUA-OsUOA _bukr _cUA-OsUOA _dUA-OsUOA |
||
| 041 | _aukr | ||
| 080 | _a343.14(075.8) | ||
| 090 |
_a343.14(075.8) _bГ93 |
||
| 100 | _aГузела М. В. | ||
| 245 |
_aДоказування у кримінальному провадженні _bнавчальний посібник _cВ. С. Канцір, М. М. Олашин, С. О. Сорока ; за ред. В. С. Канціра |
||
| 260 |
_aЛьвів _bЛП _c2018 |
||
| 300 | _a236 с. | ||
| 520 | _aНавчальний посібник підготовлено відповідно до Кримінального процесуального кодексу України 2012 р. з урахуванням поточних змін кримінального процесуального законодавства, роз’ясненням норм інститутів доказового права, зокрема, історії розвитку доказового права та його витоків; чинного законодавства, яке регламентує процес доказування та практику його застосування; наукові концепції та тенденції щодо розвитку доказового права в Україні; закордонний досвід щодо встановлення окремих елементів процесу доказування та їх удосконалення. Окремо запропоновано тези лекцій для виконання тестових завдань, казуси (задачі), завдання для самостійного вивчення, перелік законодавчої та бібліографічної бази. Посібник відповідає програмі навчальної дисципліни "Доказування у кримінальному процесі". Для студентів, аспірантів, слухачів і курсантів юридичних навчальних закладів, викладачів, учених-науковців, а також практичних працівників - суддів, прокурорів, слідчих, адвокатів. | ||
| 650 | 7 |
_a343 Кримінальне право. Карні порушення _2UDC |
|
| 942 |
_cBK _2udc |
||
| 955 | _a2 | ||